000 01057cam a2200325 i 4500
999 _c1425
_d1425
001 19429792
003 OSt
005 20221229131133.0
008 170105t20182018mnua j 001 0 eng
010 _a 2017930310
020 _a9781532120459 (lib. bdg.)
040 _aDLC
_beng
_erda
_cDLC
_dDLC
_dKH8
042 _apcc
082 0 0 _a549 RIV
_223
100 1 _aRivera, Andrea,
_eauthor.
245 1 0 _aMinerals /
_cAndrea Rivera.
264 1 _aMinneapolis, Minnesota :
_bAbdo Zoom,
_c[2018]
264 4 _c©2018
300 _a24 pages :
_bcolor illustrations ;
_c21 cm.
336 _atext
_btxt
_2rdacontent
337 _aunmediated
_bn
_2rdamedia
338 _avolume
_bnc
_2rdacarrier
490 0 _aZoom in on rocks and minerals
500 _aIncludes index.
650 0 _aMinerals
_vJuvenile literature.
650 0 _aMineralogy
_vJuvenile literature.
906 _a7
_bcbc
_corignew
_d2
_eepcn
_f20
_gy-gencatlg
942 _2ddc
_cNFIC